[Event "Plzen op 5th"]
[Site "Plzen"]
[Date "2013.11.25"]
[Round "2"]
[White "Thormann, Olaf"]
[Black "Abdumalik, Zhansaya"]
[Result "0-1"]
[WhiteElo "2013"]
[BlackElo "2311"]
[PlyCount "60"]
[EventDate "2013.11.24"]
[EventType "swiss"]
[EventRounds "7"]
[EventCountry "CZE"]
[SourceTitle "CBM 157 Extra"]
[Source "ChessBase"]
[SourceDate "2013.12.19"]
[SourceVersion "1"]
[SourceVersionDate "2013.12.19"]
[SourceQuality "1"]

1. e4 c5 2. Nc3 a6 3. a4 e6 4. Bc4 Nc6 5. d3 Nf6 6. Nf3 d5 7. exd5 exd5 8. Bb3 Be7 9. h3 0-0 10. Bf4 h6 11. Qd2 Be6 12. Ne2 b5 13. c3 b4 14. 0-0 Qb6 15. Bc2 b3 16. Bb1 Bf5 17. Ng3 Bg6 18. d4 Ne4 19. Nxe4 dxe4 20. Ne5 Nxe5 21. Bxe5 f6 22. Bf4 cxd4 23. cxd4 Rad8 24. Be3 f5 25. a5 Qb5 26. f3 f4 27. Bxf4 Rxd4 28. Qc1 Rxf4 29. Qxf4 Bg5 30. Qg4 Be3+ 0-1

[Event "Ruhrgebiet Verbandsliga2 1112"]
[Site "Nordrheinwestfalen"]
[Date "2011.09.18"]
[Round "1.8"]
[White "Klempt, Guenter"]
[Black "Thormann, Olaf"]
[Result "0-1"]
[WhiteElo "1883"]
[BlackElo "2013"]
[PlyCount "82"]
[EventDate "2011.09.18"]
[EventType "team-tourn"]
[EventRounds "9"]
[EventCountry "GER"]
[SourceTitle "EXT 2020"]
[Source "ChessBase"]
[SourceDate "2019.10.17"]
[SourceVersion "1"]
[SourceVersionDate "2019.10.17"]
[SourceQuality "1"]
[WhiteTeam "Bochum SV II"]
[BlackTeam "Doppelbauer Brambauer"]
[WhiteTeamCountry "GER"]
[BlackTeamCountry "GER"]

1. d4 d5 2. c4 c6 3. Nf3 Nf6 4. Nc3 Bg4 5. Bg5 h6 6. Bh4 Qb6 7. Qd2 Na6 8. e3 Bxf3 9. gxf3 dxc4 10. Bxc4 Rd8 11. Qe2 Nc7 12. 0-0 g5 13. Bg3 Rg8 14. Kh1 e6 15. Be5 Be7 16. Qc2 Ncd5 17. Rg1 Rg6 18. a3 Bd6 19. Bd3 Rg8 20. Bxd6 Rxd6 21. Ne4 Rd8 22. b4 a6 23. Rac1 Qc7 24. Nxf6+ Nxf6 25. b5 axb5 26. Qb3 Qe7 27. Qc3 Ra8 28. Ra1 Nd5 29. Qb2 Qf6 30. a4 Qxf3+ 31. Rg2 Rxa4 32. Rxa4 Qd1+ 33. Rg1 Qf3+ 34. Rg2 bxa4 35. Be2 a3 36. Qxb7 Qxe2 37. Qxc6+ Kf8 38. Qc5+ Kg7 39. Qxa3 Rb8 40. Qa1 Rb2 41. e4 Nc3 0-1

[Event "Marianske Lazne op"]
[Site "Marianske Lazne"]
[Date "2009.01.25"]
[Round "9"]
[White "Thormann, Olaf"]
[Black "Valenta, Vit"]
[Result "0-1"]
[WhiteElo "1976"]
[BlackElo "2248"]
[PlyCount "69"]
[EventDate "2009.01.17"]
[EventType "swiss"]
[EventRounds "9"]
[EventCountry "CZE"]
[SourceTitle "CBM 128 Extra"]
[Source "ChessBase"]
[SourceDate "2009.03.05"]
[SourceVersion "2"]
[SourceVersionDate "2009.03.25"]
[SourceQuality "1"]

1. e4 e5 2. Nc3 Nf6 3. Bc4 Nc6 4. d3 Be7 5. f4 d6 6. Nf3 0-0 7. 0-0 Na5 8. Bb3 Nxb3 9. axb3 c6 10. Qe1 exf4 11. Bxf4 d5 12. e5 Ne8 13. Qf2 b6 14. Kh1 Nc7 15. Rae1 Ne6 16. Nd4 Nxd4 17. Qxd4 Bc5 18. Qa4 b5 19. Qa1 Bg4 20. Qc1 Qd7 21. Ne2 Rae8 22. c3 f6 23. Ng3 fxe5 24. Rxe5 Rxe5 25. Bxe5 Rxf1+ 26. Qxf1 Qf7 27. Qc1 Qf2 28. d4 Be7 29. h3 Be6 30. Qa1 Bf6 31. Bd6 h6 32. Qxa7 Bg5 33. Be5 Bf7 34. Qa8+ Kh7 35. Qf8 0-1

[Event "Ruhrgebiet VL1 0304"]
[Site "Ruhrgebiet"]
[Date "2004.04.25"]
[Round "9.6"]
[White "Thormann, Olaf"]
[Black "Kunkel, Wolfgang"]
[Result "1/2-1/2"]
[WhiteElo "1909"]
[BlackElo "1866"]
[PlyCount "26"]
[EventDate "2003.09.28"]
[EventType "team"]
[EventRounds "9"]
[EventCountry "GER"]
[SourceTitle "EXT 2007"]
[Source "ChessBase"]
[SourceDate "2006.11.23"]
[SourceVersion "1"]
[SourceVersionDate "2006.11.23"]
[SourceQuality "1"]
[WhiteTeam "Brambauer"]
[BlackTeam "Gelsenkirchen II"]
[WhiteTeamCountry "GER"]
[BlackTeamCountry "GER"]

1. e4 Nf6 2. Nc3 d5 3. exd5 Nxd5 4. Bc4 Nxc3 5. bxc3 e6 6. Nf3 Be7 7. 0-0 0-0 8. d4 c5 9. Be3 Qc7 10. Bd3 Nd7 11. Qd2 b6 12. Ng5 Nf6 13. Rfe1 Bb7 1/2-1/2

[Event "Dortmund-ch"]
[Site "Dortmund"]
[Date "2004.03.11"]
[Round "6"]
[White "Grube, Joerg"]
[Black "Thormann, Olaf"]
[Result "1/2-1/2"]
[WhiteElo "1887"]
[BlackElo "1900"]
[PlyCount "56"]
[EventDate "2004.03.01"]
[EventType "swiss"]
[EventRounds "9"]
[EventCountry "GER"]
[SourceTitle "EXT 2006"]
[Source "ChessBase"]
[SourceDate "2005.11.24"]
[SourceVersion "1"]
[SourceVersionDate "2005.11.24"]
[SourceQuality "1"]

1. e4 c5 2. Nf3 Nc6 3. d4 cxd4 4. Nxd4 e5 5. Nb5 a6 6. Nd6+ Bxd6 7. Qxd6 Qf6 8. Qxf6 Nxf6 9. Nc3 d5 10. exd5 Nb4 11. Kd2 Bf5 12. Bd3 Bxd3 13. cxd3 0-0-0 14. a3 Nbxd5 15. Ke2 Rhe8 16. Nxd5 Rxd5 17. Be3 Red8 18. Rac1+ Kb8 19. Bb6 R8d7 20. Rc2 Rb5 21. Be3 Nd5 22. Rhc1 Ne7 23. Bc5 Nc6 24. b4 Nd4+ 25. Bxd4 exd4 26. Rc8+ Ka7 27. R1c7 Re5+ 28. Kd2 Ree7 1/2-1/2

[Event "Ruhrgebiet VK1 0001"]
[Site "Ruhrgebiet"]
[Date "2000.09.17"]
[Round "1"]
[White "Thormann, Olaf"]
[Black "Laschat, Stefan"]
[Result "1-0"]
[WhiteElo "1803"]
[BlackElo "1663"]
[PlyCount "77"]
[EventDate "2000.09.17"]
[EventType "team-tourn"]
[EventRounds "9"]
[EventCountry "GER"]
[SourceTitle "EXT 2023"]
[Source "ChessBase"]
[SourceDate "2022.10.05"]
[SourceVersion "1"]
[SourceVersionDate "2022.10.05"]
[SourceQuality "1"]
[WhiteTeam "Doppelbauer Brambauer"]
[BlackTeam "Essen Rot Weiss"]
[WhiteTeamCountry "GER"]
[BlackTeamCountry "GER"]

1. e4 e6 2. Nc3 d5 3. exd5 exd5 4. d4 Be6 5. Nf3 Bd6 6. Be3 f6 7. Qe2 a6 8. 0-0-0 Ne7 9. Bh6 Kf7 10. Bxg7 Kxg7 11. Qxe6 Qd7 12. Qxd7 Nxd7 13. g3 b5 14. Bg2 Rhe8 15. Nh4 c6 16. Rhe1 a5 17. Re6 Bb4 18. Rde1 Nf8 19. R6e3 Kf7 20. a3 Bd6 21. Bf3 b4 22. axb4 axb4 23. Nb1 Neg6 24. Nf5 Be7 25. h4 Ra7 26. Nd6+ Bxd6 27. Rxe8 Re7 28. R8xe7+ Nxe7 29. Bh5+ Neg6 30. c3 f5 31. Kc2 Kf6 32. Bxg6 hxg6 33. Nd2 bxc3 34. bxc3 c5 35. Nf3 cxd4 36. Ng5 Bc5 37. cxd4 Bb4 38. Re6+ Kg7 39. Kb3 1-0